MARC

LEADER 00000nas a2200000 4500
001 ssj0009058
003 WaSeSS
005 20200512172242.0
006 m d
007 cr n
008 790423c19779999gaufr p s b s0 a0eng c
010 |a sn 83012269  
016 7 |a 010492239  |2 Uk 
022 |l 0885-985X  |y 0885-985X 
035 |a (WaSeSS)ssj0009058 
037 |b 104 Dudley Hall, Athens, Ga., 30602 
040 |a GUA  |b eng  |c GUA  |d MUL  |d NST  |d AIP  |d NSD  |d NST  |d DLC  |d NST  |d IUL  |d WAU  |d DLC  |d OCL  |d OCLCQ  |d NLGGC  |d OCLCQ  |d UKMGB  |d OCLCQ  |d OCLCF  |d OCLCO  |d GILDS  |d OCLCO  |d RDF  |d DLC  |d WaSeSS 
042 |a pcc  |a nsdp 
050 1 4 |a H1  |b .J68 
082 1 |a 300  |2 11 
210 0 |a J. soc. stud. res. 
222 0 |a Journal of social studies research 
245 0 0 |a Journal of social studies research  |h [electronic resource]. 
260 |a Athens,  |b Dept. of Social Science Education, University of Georgia. 
310 |a Semiannual 
362 0 |a v. 1- winter 1977- 
500 |a Title from cover. 
506 |a License restrictions may limit access. 
650 0 |a Social sciences  |v Periodicals. 
650 0 |a Social sciences  |x Research  |v Periodicals. 
650 0 |a Social sciences  |x Study and teaching  |v Periodicals. 
650 1 7 |a Sociale wetenschappen.  |2 gtt 
650 7 |a Social sciences.  |2 fast  |0 (OCoLC)fst01122877 
650 7 |a Social sciences  |x Research.  |2 fast  |0 (OCoLC)fst01122944 
650 7 |a Social sciences  |x Study and teaching.  |2 fast  |0 (OCoLC)fst01123000 
655 0 |a Electronic journals. 
710 2 |a University of Georgia.  |b Department of Social Science Education. 
850 |a AU  |a InU  |a MChB  |a MsU  |a NcD  |a OkS  |a PU  |a ViU  |a WaU  |a WvU 
856 4 0 |z Full text available from Research Library: 10/01/1997 to 04/30/2011  |u https://search.proquest.com/publication/48205